Электровзрывные нанопорошки неорганических материалов: технология производства, характеристики, области применения: автореферат диссертации на соискание ученой степени доктора технических наук

Bibliografske podrobnosti
Glavni avtor: Лернер М. И. Марат Израильевич
Corporate Authors: Томский политехнический университет, Российская академия наук (РАН) Сибирское отделение (СО) Институт физики прочности и материаловедения (ИФПМ)
Izvleček:Заглавие с титульного экрана
Электронная версия печатной публикации
Jezik:ruščina
Izdano: Томск, [Б. и.], 2007
Teme:
Online dostop:http://www.lib.tpu.ru/fulltext/a/2007/42.pdf
Format: MixedMaterials Elektronski Knjiga
KOHA link:https://koha.lib.tpu.ru/cgi-bin/koha/opac-detail.pl?biblionumber=121743

MARC

LEADER 00000nlm0a2200000 4500
001 121743
005 20231031125515.0
035 |a (RuTPU)RU\TPU\book\131841 
090 |a 121743 
100 |a 20070920d2007 k y0rusy50 ca 
101 0 |a rus 
102 |a RU 
105 |a a dm 001zy 
135 |a drbn ---uucaa 
181 0 |a i  
182 0 |a b 
200 1 |a Электровзрывные нанопорошки неорганических материалов: технология производства, характеристики, области применения  |b Электронный ресурс  |e автореферат диссертации на соискание ученой степени доктора технических наук  |f М. И. Лернер  |g Институт физики прочности и материаловедения СО РАН; Томский политехнический университет 
203 |a Текст  |c электронный 
210 |a Томск  |c [Б. и.]  |d 2007 
215 |a 1 файл (790 Kb) 
230 |a Электронные текстовые данные (1 файл : 790 Kb) 
300 |a Заглавие с титульного экрана 
300 |a Электронная версия печатной публикации 
337 |a Adobe Reader 
452 1 |0 (RuTPU)RU\TPU\book\126818  |t Электровзрывные нанопорошки неорганических материалов: технология производства, характеристики, области применения  |o автореферат диссертации на соискание ученой степени доктора технических наук  |o спец. 01.04.07  |f М. И. Лернер  |g Институт физики прочности и материаловедения СО РАН; Томский политехнический университет  |c Томск  |n Б.и.  |d 2007  |p 37 с.  |a Лернер, Марат Израильевич 
610 1 |a нанопорошки 
610 1 |a проводники 
610 1 |a электрический взрыв 
610 1 |a параметры 
610 1 |a электровзрывные нанопорошки 
610 1 |a методики исследования 
610 1 |a металлические нанопорошки 
610 1 |a спекание 
610 1 |a агломерация 
610 1 |a фрактальная структура 
610 1 |a получение 
610 1 |a технологические процессы 
610 1 |a технологическое оборудование 
610 1 |a пассивация 
610 1 |a пожароопасность 
610 1 |a классы опасности 
610 1 |a применение 
610 1 |a смазочные материалы 
610 1 |a высокоэнергетические материалы 
610 1 |a сплавы 
610 1 |a химические соединения 
610 1 |a нановолокна 
610 1 |a эпоксидные клеи 
610 1 |a фильтровальные материалы 
610 1 |a авторефераты диссертаций 
610 1 |a труды учёных ТПУ 
610 1 |a электронный ресурс 
675 |a 621.762(04)  |v 3 
686 |a 01.04.07  |2 oksvnk 
700 1 |a Лернер  |b М. И.  |c специалист в области машиностроения  |c профессор Томского политехнического университета, доктор технических наук  |f 1956-  |g Марат Израильевич  |2 stltpush  |3 (RuTPU)RU\TPU\pers\31191 
712 0 2 |a Томский политехнический университет 
712 0 2 |a Российская академия наук (РАН)  |b Сибирское отделение (СО)  |b Институт физики прочности и материаловедения (ИФПМ)  |c (Томск)  |2 stltpush  |3 (RuTPU)RU\TPU\col\265 
801 1 |a RU  |b 63413507  |c 20070920  |g PSBO 
801 2 |a RU  |b 63413507  |c 20151116  |g RCR 
856 4 |u http://www.lib.tpu.ru/fulltext/a/2007/42.pdf 
942 |c CF